000 00560nam a2200193 i 4500
001 75999
003 ES-MaACL
005 20250829070140.0
007 t|
008 040928s1957 sp ||||1| spa d
100 1 _aGubern, Jordi.
_960375
245 1 0 _aNegocios sucios
_b: grandes fortunas /
_cJorge Gubern.
260 _aBarcelona :
_bMateu,
_c[1957] (
_fDiamante)
300 _a568 p., 29 lám. :
_bil. ;
_c25 cm.
490 1 _aColección Keops
830 0 0 _aColección Keops
_9181983
852 _aES-MaACL
_jC-12997
_bR.41142
999 _c75999
_d75999